|
|
|
|
| LEADER |
00000nab a2200000 a 4500 |
| 001 |
vtls000784836 |
| 003 |
SK-MaSNL |
| 005 |
20260304225910.0 |
| 008 |
250429c2001 xo 0 slo |
| 015 |
|
|
|a SNBRB2002/02-07037
|
| 035 |
|
|
|a CLN000136507
|
| 035 |
|
|
|a urn:nbn:sk:snk-abd48e
|
| 035 |
|
|
|a (urnnbn)urn:nbn:sk:snk:ar-007lkx
|
| 035 |
|
|
|a (uuid)6f4cfdc2-d85f-4827-8d84-5cf446c5b437
|
| 040 |
|
|
|a SNKBUCL
|b slo
|c SNKBUCL
|e AACR2
|
| 041 |
0 |
|
|a cze
|
| 044 |
|
|
|a xo
|c SK
|
| 080 |
|
|
|a 616.36-002:616.5-002
|2 1997
|
| 080 |
|
|
|a 616.5-002:616.36-002
|2 1997
|
| 100 |
1 |
|
|a Šperl, J.
|4 aut
|9 856106
|
| 245 |
1 |
0 |
|a Manifestace porphyria cutanea tarda během úspěšné léčby chronické hepatitidy C J. Šperl, M. Jirsa jr.
|
| 650 |
0 |
7 |
|a hepatitída C vírusová
|x porphyria cutanea tarda
|x manifestácia
|2 snkbucl
|9 1562287
|
| 650 |
0 |
7 |
|a porfýria
|2 snkbucl
|9 13967
|
| 655 |
|
7 |
|a články z novín a časopisov
|2 snkbucl
|9 267496
|
| 700 |
1 |
|
|a Jirsa, M.
|c ml.
|4 aut
|9 1543405
|
| 711 |
1 |
|
|a Spoločný zjazd Českej gastroenterologickej a Českej hepatologickej spoločnosti
|d 2001
|c Liberec, Česko
|4 aut
|9 1401002
|
| 773 |
0 |
|
|t Česká a slovenská gastroenterologie a hepatologie
|g Roč. 55, Supplementum 1 (2001), s. 90-91
|x 1213-323X
|
| 850 |
|
|
|a Slovenská národná knižnica
|
| 852 |
|
|
|a Slovenská národná knižnica
|
| 954 |
|
|
|a odborná, vedecká literatúra cudzojazyčná (svetová)
|2 lita
|
| 958 |
|
|
|a article17
|
| 958 |
|
|
|a OND
|
| 958 |
|
|
|a MI
|
| 958 |
|
|
|a EUIPO
|
| 999 |
|
|
|c 3180304
|d 3182234
|